|
|
|
|
| LEADER |
00000cam a2200000 7i4500 |
| 001 |
0000003098 |
| 005 |
20040521.0 |
| 090 |
0 |
0 |
|a RP 634.973
|b VIN 1961
|
| 100 |
1 |
0 |
|a VINCENT
|h A. J.
|
| 245 |
1 |
2 |
|a A note on the growth of three meranti (LHW shorea) hill forest species in naturally and artificially regenerated forest, Malaya
|c by A. J. Vincent
|
| 260 |
0 |
0 |
|a Kuala Lumpur :
|b Forest Department ,
|c 1961
|
| 300 |
|
|
|a 39 p. ;
|c 34 cm.
|
| 440 |
0 |
0 |
|a Research pamphlet ; no. 37
|
| 650 |
0 |
0 |
|a Meranti
|z Malaya
|
| 650 |
0 |
0 |
|a Shorea
|z Malaya
|
| 710 |
1 |
1 |
|a Institut Penyelidikan Perhutanan Malaysia (FRIM)
|
| 998 |
|
|
|a JPSM
|
| 999 |
|
|
|a 0000005503
|b Monograph
|c Open Shelf
|e Default branch
|
| 999 |
|
|
|a 0000005504
|b Monograph
|c Open Shelf
|e Default branch
|